| 000 | 00538nam a2200193Ia 4500 | ||
|---|---|---|---|
| 005 | 20250508152132.0 | ||
| 008 | 008 250505s9999 xx 000 0 eng d | ||
| 037 | _aTextual | ||
| 040 |
_aFEDL _beng _cFEDL |
||
| 041 |
_aeng _2eng |
||
| 084 |
_a158.1, STE _qFEDL |
||
| 100 |
_aSteckle Lynde C. _9760777 |
||
| 245 | 0 | _aProblems of human adjustment | |
| 260 |
_aNew York, USA _bHarper and Brothers _c1957 |
||
| 300 | _axi,419p. | ||
| 650 | _aApplied Psychology | ||
| 942 |
_cTEXL _h158.1, STE |
||
| 999 |
_c1334497 _d1334497 |
||